000 01285cam a22003497a 4500
003 CHAP
005 20220329142707.0
008 021111d2002 mx r 00110 spa d
010 _a86592
011 _a87564
035 _a98108
040 _cCHAP
090 _aTesis
100 0 0 _aSolis de la Piedra, Elbi Magally.
_9108408
245 1 0 _aEvaluación de medios para cultivo in vitro de dos especies de orquídeas :
_bbrassovola cucullata L. y Oncidium cebolleta (Jacq.) Sw.
_c/por Elbi Magally Solis de la Piedra
260 _aChapingo, Méx. :
_bEl autor,
_c2002.
300 _a53 h. :
_bilus
502 _aTesis ( Ing. Agr. Esp en Fitotecnia ) -- UACH. Departameto de Fitotecnia
590 _aALEPH
_b10
_c20130110
_lUCH01
_h1450
590 _aBATCH-UPD
_b10
_c20130110
_lUCH01
_h1218
590 _aBATCH-UPD
_b10
_c20130410
_lUCH01
_h0754
590 _aBATCH-UPD
_b10
_c20130914
_lUCH01
_h1115
590 _aCONVERSION
_b10
_c20130109
_lUCH01
_h1348
650 0 4 _aCultivo de tejidos.
_930213
650 0 4 _aMicropropagación.
_975532
650 0 4 _aOrquidáceas.
_983723
901 _aBK
905 _aElisama
942 _cFOLL
949 _aTesis
_bBC
_cTES
_d33724000873998
_eTS2
_fc.2
_gDonaciØn
_h40079
_i98108
_si
949 _aTesis
_bBC
_cTES
_d981081
_eTS1
_gDonaciØn
_h40078
_i98108
_sb
999 _c86592
_d86592